| 000 | 01851nam a2200253Ii 4500 | ||
|---|---|---|---|
| 008 | 221202s xx 000 0 und d | ||
| 100 | 1 |
_aMilosevic, Tijana, _eauthor |
|
| 245 | 0 | _aProtecting Children Online? | |
| 246 | _aCyberbullying Policies of Social Media Companies | ||
| 264 | 1 |
_aCambridge, MA _bThe MIT Press _c2018 |
|
| 300 | _a1 online resource | ||
| 336 |
_atext _btxt _2rdacontent |
||
| 337 |
_acomputer _bc _2rdamedia |
||
| 338 |
_aonline resource _bcr _2rdacarrier |
||
| 490 | _aThe Information Society Series | ||
| 520 | _aThis book investigates regulatory and social pressures that social media companies face in the aftermath of high profile cyberbullying incidents. The author’s research evaluates the policies companies develop to protect themselves and users. This includes interviews with NGO and social media company reps in the US and the EU. She triangulates these findings against news, policy reports, evaluations and interviews with e-safety experts. This book raises questions about the legitimacy of expecting companies to balance the tension between free speech and child protection without publicly revealing their decision-making processes. In an environment where e-safety is part of the corporate business model, this book unveils the process through which established social media companies receive less government scrutiny than start-ups. The importance of this research for law and policy argues for an OA edition to ensure the work is widely and globally accessible to scholars and decision makers. | ||
| 653 | _aBullying | ||
| 653 | _aCyberbullying | ||
| 653 | _aFacebook | ||
| 653 | _aMedia & Communications | ||
| 653 | _aNon-Governmental Organization | ||
| 856 | _uhttps://library.oapen.org/bitstream/20.500.12657/30535/1/645372.pdfhttp://library.oapen.org/handle/20.500.12657/30535 | ||
| 942 | _cE-BOOK | ||
| 999 |
_c64953 _d64953 |
||